Quantitative techniques , for the students of b.com classes as per common core sylabus of a.p. and other indian states (Record no. 572784)

000 -LEADER
fixed length control field 00536nam a22001817a 4500
003 - CONTROL NUMBER IDENTIFIER
control field CEME
005 - DATE AND TIME OF LATEST TRANSACTION
control field 20210628203235.0
008 - FIXED-LENGTH DATA ELEMENTS--GENERAL INFORMATION
fixed length control field 210203b xxu||||| |||| 00| 0 eng d
020 ## - INTERNATIONAL STANDARD BOOK NUMBER
International Standard Book Number 8121926211
040 ## - CATALOGING SOURCE
Transcribing agency .
082 ## - DEWEY DECIMAL CLASSIFICATION NUMBER
Classification number 510.24658 SAT
100 ## - MAIN ENTRY--PERSONAL NAME
Personal name Satyadevi, C
9 (RLIN) 64205
245 ## - TITLE STATEMENT
Title Quantitative techniques , for the students of b.com classes as per common core sylabus of a.p. and other indian states
260 ## - PUBLICATION, DISTRIBUTION, ETC.
Place of publication, distribution, etc. NEW DELHI
Name of publisher, distributor, etc. S.CHAND
Date of publication, distribution, etc. 2006
300 ## - PHYSICAL DESCRIPTION
Extent 596P
650 ## - SUBJECT ADDED ENTRY--TOPICAL TERM
Topical term or geographic name entry element QUANTITATIVE TECHNIQUES.
9 (RLIN) 64206
942 ## - ADDED ENTRY ELEMENTS (KOHA)
Koha item type Book
Source of classification or shelving scheme
Holdings
Withdrawn status Lost status Source of classification or shelving scheme Damaged status Not for loan Permanent Location Current Location Shelving location Date acquired Full call number Barcode Date last seen Price effective from Koha item type Public note
          College of Electrical & Mechanical Engineering (CEME) College of Electrical & Mechanical Engineering (CEME) General Stacks 07/26/2017 510.24658 SAT CEME-45861 06/28/2021 06/28/2021 Book 3.6
© 2023 Central Library, National University of Sciences and Technology. All Rights Reserved.